Diễn ca Khmer Nam Bộ

Đã lưu trong:
书目详细资料
主要作者: Hoàng Túc
格式: 未知
语言:Vietnamese
出版: Thời Đại 2011
主题:
标签: 添加标签
没有标签, 成为第一个标记此记录!
Thư viện lưu trữ: Mạng thư viện Đại học Đà Nẵng
LEADER 00853na a2200265 4500
001 000031378
003 6033
005 20151001093450.0
008 151001s2011 000 vie
020 |a 9786049162695 
082 |a 398.9  |b HO-T 
100 |a Hoàng Túc 
245 |a Diễn ca Khmer Nam Bộ  |c Hoàng Túc 
260 |a Thời Đại  |c 2011 
300 |a 291tr. : mh ; 21cm 
650 |a Diễn ca, Nam Bộ 
OWN |a LNN 
AVA |a UDN50  |b LNN  |d 398.9 HO-T  |e available  |t Error 5001 Not defined in file expand_doc_bib_avail.  |f 1  |g 0  |h N  |i 0  |k 1 
999 |a From the UDN01 
AVA |a UDN50  |b LNN  |d 398.9 HO-T  |e available  |t Error 5001 Not defined in file expand_doc_bib_avail.  |f 1  |g 0  |h N  |i 0  |k 1 
TYP |a Printed language 
980 |a Mạng thư viện Đại học Đà Nẵng